LIBRARY & INFORMATION CENTRE, KCAET, TAVANUR

ONLINE PUBLIC ACCESS CATALOGUE (OPAC)

Predicting the Performance of Multistage Separation Process (Record no. 19421)

MARC details
000 -LEADER
fixed length control field 00466nam a22001697a 4500
003 - CONTROL NUMBER IDENTIFIER
control field OSt
008 - FIXED-LENGTH DATA ELEMENTS--GENERAL INFORMATION
fixed length control field 250220b |||||||| |||| 00| 0 eng d
020 ## - INTERNATIONAL STANDARD BOOK NUMBER
ISBN 9 780884 156413
041 ## - LANGUAGE CODE
Language code of text/sound track or separate title eng
082 ## - DEWEY DECIMAL CLASSIFICATION NUMBER
Classification number 660.2842
Item number KHO/PR
100 ## - MAIN ENTRY--AUTHOR NAME
Personal name Khoury, Fouad M
245 ## - TITLE STATEMENT
Title Predicting the Performance of Multistage Separation Process
260 ## - PUBLICATION, DISTRIBUTION, ETC. (IMPRINT)
Place of publication Texas;
Name of publisher Gulf Publishing Company,
Year of publication 1995.
300 ## - PHYSICAL DESCRIPTION
Number of Pages 490p.
650 ## - SUBJECT ADDED ENTRY--TOPICAL TERM
Topical Term Separatiom (Technology)
942 ## - ADDED ENTRY ELEMENTS (KOHA)
Koha item type Books
Holdings
Withdrawn status Lost status Damaged status Home library Current library Shelving location Date acquired Source of acquisition Cost, normal purchase price Full call number Accession Number Koha item type
      KAUAET KAUAET Reference 20/02/2025 Current Books, Thrissur 156.00 660.2842 KHO/PR 20364 Books
free website counter